| 000 | 00842cam a2200301 i 4500 | ||
|---|---|---|---|
| 999 |
_c200453646 _d71858 |
||
| 001 | 200453646 | ||
| 003 | TR-AnTOB | ||
| 005 | 20230802193356.0 | ||
| 007 | ta | ||
| 008 | 230720s2003 tu a g 001*0 tur d | ||
| 020 | _a9754202605 | ||
| 040 |
_aTVK _beng _erda _cTR-AnTOB _dTR-AnTOB |
||
| 041 | 0 | _atur | |
| 060 | 1 | 4 |
_aWW 140 _bO99 2003 |
| 096 |
_aWW140 _bO99 2003 |
||
| 100 | 1 |
_aÖzçetin, Hikmet _eauthor _9142689 |
|
| 245 | 1 | 0 |
_aKlinik göz hastalıkları / _cHikmet Özçetin. |
| 264 | 1 |
_aBursa : _bNobel Tıp Kitabevleri, _c2003. |
|
| 264 | 4 | _c©2003 | |
| 300 |
_a460 pages : _billustrations ; _c27 cm |
||
| 336 |
_atext _btxt _2rdacontent |
||
| 337 |
_aunmediated _bn _2rdamedia |
||
| 338 |
_avolume _bnc _2rdacarrier |
||
| 504 | _aBIBINDX | ||
| 650 | 1 | 2 |
_aEye Diseases _980974 |
| 942 |
_2NLM _cBK |
||